Statistiques concernant Culture Générale - Série 1249

Cliquez ici pour prendre le quiz!

Statistiques générales

  • Ce quiz a été pris 44 fois
  • Le résultat moyen est 7 sur 10

Statistiques - réponses

Question Réponse % Correct
Quelle matière peut être "buvard", "calque", "peint", "mâché" ou "d'Arménie" ?papier
95%
Selon le proverbe, on n'apprend pas à un vieux singe à faire des...grimaces
93%
Quelle fête chrétienne, célébrée à date variable chaque année au printemps, commémore la résurrection du Christ ?Pâques
93%
Quel serpent, "au poing" chez Hervé Bazin, désigne une personne malfaisante ?vipère
90%
Selon l'expression, on dit d'un individu très futé qu'il est malin comme un...singe
85%
Au sens propre, que signifie le mot "star" en français ?étoile
85%
Selon l'expression, à quel reptile à quatre pattes compare-t-on une personne qui marche lentement ?tortue
68%
Sur des terrains en pente, les cultures en étages, synonymes de "grands balcons", sont des cultures en...terrasses
25%
Quel nom porte le stade de football sur lequel évoluent les joueurs du Nîmes Olympique ?stade des Costières
18%
Quel nom porte le stade de football sur lequel évoluent les joueurs du Paris FC ?stade Charléty
18%

Distribution des résultats

Percentile par nombre de réponses

% des personnes avec chaque résultat

Votre développement - résultats

Vous n’avez pas pris ce quiz